Rapport préliminaire des fouilles exécutées autor de la chapelle du château de Zalavár

Elmentve itt :
Bibliográfiai részletek
Szerző: Cs. Sós Ágnes
Dokumentumtípus: Cikk
Megjelent: Akadémiai K. Budapest 1954
Sorozat:Acta Archaeologica Academiae Scientiarum Hungaricae;Acta Archaeologica Academiae Scientiarum Hungaricae
Kulcsszavak:Régészet - leletek - Magyarország
Tárgyszavak:
Online Access:http://misc.bibl.u-szeged.hu/61302
LEADER 00941nab a2200241 i 4500
001 misc61302
005 20240913090558.0
008 230728s1954 hu o 000 fre d
040 |a SZTE Miscellanea Repozitórium  |b hun 
041 |a fre 
041 |a rus 
100 2 |a Cs. Sós Ágnes 
245 1 0 |a Rapport préliminaire des fouilles exécutées autor de la chapelle du château de Zalavár  |h [elektronikus dokumentum] /  |c  Cs. Sós Ágnes 
260 |a Akadémiai K.  |b Budapest  |c 1954 
300 |a 267-274  |c 29 cm 
300 |a [8] p.  |c 29 cm 
490 0 |a Acta Archaeologica Academiae Scientiarum Hungaricae;Acta Archaeologica Academiae Scientiarum Hungaricae 
561 |a Németh Gyula hagyaték 
591 |a NOV 5697 
650 4 |a Bölcsészettudományok 
650 4 |a Történettudomány és régészet 
695 |a Régészet - leletek - Magyarország 
856 4 0 |u http://misc.bibl.u-szeged.hu/61302/1/5697_nov.pdf  |z Dokumentum-elérés